The Proposal of the Evaluation Model for the Industrial Business Analytics Maturity Level

Na minha lista:
Detalhes bibliográficos
Autor principal: Husovič, Rudolf (Author)
Outros Autores: Šujanová, Jana (Thesis advisor)
Formato: Manuscrito Livro
Idioma:eslovaco
inglês
Publicado em: 2021
Assuntos:
Acesso em linha:http://is.stuba.sk/zp/portal_zp.pl?podrobnosti=145436
Tags: Adicionar Tag
Sem tags, seja o primeiro a adicionar uma tag!

MARC

LEADER 00000ntm a22000003a 4500
001 stuzp66095
003 SK-STU
005 20211022075718.4
007 ta
008 150427s2015----xo-----f-mn---000-0-slo-d
035 |a biblio/427296  |2 CREPC2 
040 |a STU  |b slo 
041 0 |a eng 
044 |a xo 
100 1 |a Husovič, Rudolf  |u 064000  |4 aut  |9 100  |U MTF Materiálovotechnologická fakulta  |T MTF Ústav priemyselného inžinierstva a manažmentu  |X 47014  |U M4000  |Y 84  |7 47014 
242 0 1 |a Návrh hodnotiaceho modelu úrovne zrelosti premyslenej podnikovej analytiky  |y slo 
245 1 0 |a The Proposal of the Evaluation Model for the Industrial Business Analytics Maturity Level 
260 |c 2021 
300 |a 169 s. 
650 4 |a IBAM  |2 slo 
650 4 |a JMP  |2 slo 
650 4 |a modely zrelosti  |2 slo 
650 4 |a hodnotiaci model  |2 slo 
650 4 |a podniková analytika  |2 slo 
650 4 |a Maturity Models  |2 eng 
650 4 |a IBAM  |2 eng 
650 4 |a Evaluation Model  |2 eng 
650 4 |a JMP  |2 eng 
650 4 |a Business Analytics  |2 eng 
700 1 |a Šujanová, Jana  |4 ths  |X 2306  |7 A000002306 
856 4 |u http://is.stuba.sk/zp/portal_zp.pl?podrobnosti=145436 
996 |c M* DzP-675  |l MMSKP  |s P  |a 0  |w stuzp66095_0001